=LDR 00000nam 2200000 4500 =001 INLIS000000000005783 =005 20130612094003 =008 ***********************************Ind** =035 ##$$0010-061300000005783 =041 ##$$a Ind =082 ##$$a 782.43 =090 ##$$a 782.43, Mud s =100 ##$$a Mudakir =245 ##$$a Sekar macepat riwayat hidup pak Harto, Mudakir =260 ##$$a 1996 $b Yogyakarta =300 ##$$a ix, 97 hlm, ilus, 21 cm =650 ##$$a Nyanyian bentuk puisi